| 000 | 00347cam a2200145ua 4500 | ||
|---|---|---|---|
| 041 |
_amal _h |
||
| 082 |
_a621.38418 _bRAO/NI |
||
| 100 | _aRao, V.V.L . | ||
| 245 |
_aNingaude Radio / _cV.V.L.Rao. _hTextual Documents |
||
| 260 |
_aTrichur : _bMangalodayam pvt ltd , _c1963. |
||
| 300 | _a154 ; . | ||
| 504 | _a | ||
| 942 | _cBK | ||
| 999 |
_c705 _d705 |
||